Longest running U.S. television programs/shows- By Episode Count - Statistics

General Stats
  • This quiz has been taken 70 times
  • The average score is 6 of 15
Answer Stats
Hint Answer % Correct
Game Show- Bob Barker The Price is Right
81%
Game Show- "Daily Double" Jeopardy
75%
Game Show- Vanna The Wheel of Fortune
70%
Soap Opera- healthcare/ medicine General Hospital
69%
Children's show Sesame Street
64%
Talk Show The Tonight Show
60%
Soap Opera- healthcare/ medicine Days of Our Lives
57%
Ladies Talk Show The View
57%
Soap Opera- "Genoa City" The Young and the Restless
30%
Reality Show- the meanest woman on television Judge Judy
21%
Soap Opera- The Forresters The Bold and the Beautiful
15%
Comedy/ Late Night Talk Show The Daily Show
13%
"Tabloid Talk Show" The Jerry Springer Show
7%
Variety/Late Night Talk Show Jimmy Kimmel Live!
4%
Entertainment News Access Hollywood
3%
No matching quizzes found
Score Distribution
Percent of People with Each Score
Percentile by Number Answered
Your Score History
You have not taken this quiz